XDHTML, HTML, XHTML, DHTML úplná přesná refereční příručka

Salvato in:
Dettagli Bibliografici
Autore principale: Mikle, Pavol (Autore)
Natura: Libro
Lingua:ceco
Pubblicazione: Praha : Computer Press, 2000
Edizione:1. vyd.
Soggetti:
Tags: Aggiungi Tag
Nessun Tag, puoi essere il primo ad aggiungerne!!

MARC

LEADER 00000nam a22000003a 4500
001 stu112385
005 20220506105155.3
008 060302s2000----xr------------------cze-d
040 |a STU  |b slo 
041 0 |a cze 
044 |a xr 
080 |a 681.324.06 
080 |a 519.682 
080 |a 004.55HTML 
084 |a C5620  |2 INS 
084 |a C6140  |2 INS 
084 |a D5020  |2 INS 
100 1 |a Mikle, Pavol  |4 aut 
245 1 |a XDHTML, HTML, XHTML, DHTML úplná přesná refereční příručka 
250 |a 1. vyd. 
260 |a Praha :  |b Computer Press,  |c 2000 
300 |a 11,633 s.;schémy 
500 |a prel. z angl.orig. 
650 7 |a Jazyky hypertextové  |2 stusub 
650 7 |a Jazyky kódovacie  |2 stusub 
650 7 |a HTML  |2 stusub 
650 7 |a XHTML  |2 stusub 
650 7 |a programovacie jazyky  |2 stusub 
650 7 |a programovanie  |2 stusub 
650 7 |a World Wide Web  |2 estusub 
650 7 |a WWW dokumenty  |2 stusub 
996 |b 284EK86081  |c E*86081  |l EE01  |s A  |a 24  |w stu112385_0001